| 000 | 00767nam a22002297a 4500 | ||
|---|---|---|---|
| 999 |
_c14231 _d14231 |
||
| 003 | AR-CdUCM | ||
| 008 | 190422b ||||| |||| 00| 0 spa d | ||
| 020 | _a978-612-4026-58-4 | ||
| 040 |
_aMUNICIPALIDAD PROVINCIAL DEL CUSCO _cBIBLIOTECA MUNICIPAL DEL CUSCO |
||
| 082 |
_aPI / 376.1 / _bAR71 |
||
| 100 |
_aArgote Saavedra, Eliana _932909 |
||
| 245 | _aLa leyenda del Cóndor / | ||
| 260 |
_aLima : _bDidáctica, _c2010. |
||
| 300 |
_bilustraciones, _c31 cm. |
||
| 440 |
_aColección Mis cuentos Peruanos. _932876 |
||
| 650 |
_aLiteratura infantil _9588 |
||
| 650 |
_aCuentos infantiles _93927 |
||
| 650 |
_aEducación _9460 |
||
| 710 |
_aAPLIJ - Asociación Peruana de Literatura Infantil y Juvenil. _932877 |
||
| 942 |
_2ddc _cLIBROS |
||
| 945 |
_aachl _d2019-04-22 |
||